Visualizzazione normale
Vista MARC
- Dalla Chiara E., Perali F., Boccacin L., Bressan E., Bosoni M.L., Moscatelli M., Ruspini E., Pavliutkin I., Golevz M., Iafrate R.
di Personal Name
Records bibliografici associati: 1
001 - CONTROL NUMBER
- control field: 59343
003 - CONTROL NUMBER IDENTIFIER
- control field:
005 - DATE AND TIME OF LATEST TRANSACTION
- control field: 20230207141856.0
008 - FIXED-LENGTH DATA ELEMENTS
- fixed length control field: 230207|| aca||aabn | a|a d
040 ## - CATALOGING SOURCE
- Original cataloging agency:
- Transcribing agency:
100 ## - HEADING--PERSONAL NAME
- Personal name: Dalla Chiara E., Perali F., Boccacin L., Bressan E., Bosoni M.L., Moscatelli M., Ruspini E., Pavliutkin I., Golevz M., Iafrate R.
- Personal name: Bertoni A., Donato S., Ferrari L., Barioni G., Maurizio R., Perotto N., Salvadori G., Fargion S., Bertotti T., Mauri D., Moretto G., Belletti F., Casanova G
670 ## - SOURCE DATA FOUND
- Source citation: Work cat.: ()359608: Bramanti Donatella, Carrà Elisabetta (a cura di) 59342, Famiglia e povertà relazionale., 2021